| 000 | 00724cam a22002533a 4500 | ||
|---|---|---|---|
| 001 | 3231 | ||
| 003 | PGUSA | ||
| 005 | 20140828083029.0 | ||
| 008 | 020501s2002||||xxu|||||s|||||000 | eng d | ||
| 040 |
_aPGUSA _beng |
||
| 042 | _adc | ||
| 050 | 4 | _aDS | |
| 050 | 4 | _aSK | |
| 100 | 1 |
_aBaker, Samuel White, _cSir, _d1821-1893 |
|
| 245 | 1 | 4 |
_aThe Rifle and the Hound in Ceylon _h[electronic resource] / _cSamuel White, Baker |
| 260 |
_bProject Gutenberg, _c2002 |
||
| 506 | _aPublic domain in the USA. | ||
| 516 | _aElectronic text | ||
| 653 | _aSri Lanka -- Description and travel | ||
| 653 | _aHunting -- Sri Lanka | ||
| 830 | 0 |
_aProject Gutenberg _v3231 |
|
| 856 | 4 | 0 | _uhttp://www.gutenberg.org/ebooks/3231 |
| 942 | _cEB | ||
| 999 |
_c232560 _d232560 |
||